Estatísticas para Distritos de Portugal

Clique aqui para jogar o quiz

Estatísticas Gerais

  • Esse quiz foi jogado 428 vezes
    (413 desde o último reset)
  • A pontuação média é 17 de 20

Estatísticas das Respostas

PopulaçãoDistrito% Correto
2,250,533Lisboa
99%
1,817,172Porto
99%
848,185Braga
95%
451,006Faro
94%
430,104Coimbra
91%
136,252Bragança
89%
152,758Beja
87%
851,258Setúbal
87%
714,200Aveiro
84%
166,726Évora
84%
377,653Viseu
84%
196,264Castelo Branco
83%
470,930Leiria
83%
453,638Santarém
83%
118,506Portalegre
81%
244,836Viana do Castelo
80%
206,661Vila Real
78%
160,939Guarda
77%
246,772Açores
74%
267,785Madeira
74%

Distribuição das Pontuações

Percentil de Números Respondidos

Porcentagem de Pessoas com Cada Pontuação

Sua Pontuação Histórica

Você não jogou esse quiz desde o último reset